| 000 | 01267cam a2200361 a 4500 | ||
|---|---|---|---|
| 999 |
_c57612 _d57612 |
||
| 001 | 2105434 | ||
| 005 | 20200813151246.0 | ||
| 008 | 960213s2006 mdua 001 0 eng | ||
| 010 | _a 96010269 | ||
| 020 | _a0683182099 (v. 1) | ||
| 020 | _a 9780443103483 | ||
| 040 |
_aDNLM/DLC _cDLC _dDLC |
||
| 041 | 1 |
_aeng _hger |
|
| 050 | 0 | 0 |
_aQM25 _b.A7913 1997 |
| 060 | 1 | 0 | _aQS 17 A88125 1996a |
| 080 | _a611(084.4) S-70 | ||
| 082 | 0 | 0 |
_a611/.0022/2 _220 |
| 130 | 0 |
_aAtlas der Anatomie des Menschen. _lEnglish. _99224 |
|
| 245 | 1 | 0 |
_aSobotta atlas of human anatomy : _cJohannes Sobotta (Author); Edited by R. Putz, R. Pabst. _bVol. 1 / |
| 246 | 3 | 0 | _aAtlas of human anatomy |
| 250 |
_a14th Edition _b |
||
| 264 |
_aMunchen : _bElsevier, _c2006. |
||
| 300 |
_a419 p. _bill. (some col.) ; _c29 cm. |
||
| 500 | _aIncludes index. | ||
| 505 | 0 | _aVol. 1. Head, neck, upper limbs -- v. 2. Thorax, abdomen, pelvis, lower limb. | |
| 650 | 0 |
_aHuman anatomy _vAtlases. _97218 |
|
| 650 | 1 | 2 |
_aAnatomy, Regional _xatlases. _99225 |
| 653 | _aადამიანის ანატომია | ||
| 653 | _aატლასი | ||
| 700 |
_aPutz, R. _eრედაქტორი _99226 |
||
| 700 |
_aPabst, R. _eრედაქტორი _99227 |
||
| 942 |
_2udc _cBK |
||